00660nam a22002177a 450000500170000001000130001702000220003003500130005203700160006504000120008108200150009310000230010824500810013126000460021227000470025830000200030550000500032565000260037565000190040170000220042020170124105930.0 aA-899815 c00.00a8121003601 aA-899815 bCen Lib/Ret aDPLbEN a388.4bRAO aRao, D. Panduranga aUrban passenger transportation /cby D. Panduranga Rao [and] K. Satya Murthy aNew DelhibInter-India Publicationsc1997 aD-17, Raja Garden Extn.bNew Delhie110015 a416p.c21cm(Hb) aIncludes bibliographical references and index aUrban transportation  aRoad accidents aMurthy, K. Satya